A portable device for measuring wastewater flow sewers / (Record no. 586830)

MARC details
000 -LEADER
fixed length control field 00899namaa2200289 a 4500
001 - CONTROL NUMBER
control field vtls001299432
003 - CONTROL NUMBER IDENTIFIER
control field NLI
005 - DATE AND TIME OF LATEST TRANSACTION
control field 20210627043105.0
008 - FIXED-LENGTH DATA ELEMENTS--GENERAL INFORMATION
fixed length control field 120418s1974 dcua i000 0 eng
039 #9 - LEVEL OF BIBLIOGRAPHIC CONTROL AND CODING DETAIL [OBSOLETE]
-- 201204181904
-- VLOAD
040 0# - CATALOGING SOURCE
Original cataloging agency NLI
Transcribing agency VTLS-2012_FOD
Description conventions AACR2
041 0# - LANGUAGE CODE
Language code of text/sound track or separate title eng
044 ## - COUNTRY OF PUBLISHING/PRODUCING ENTITY CODE
MARC country code dcu
082 04 - DEWEY DECIMAL CLASSIFICATION NUMBER
Classification number 621.313
100 1# - MAIN ENTRY--PERSONAL NAME
Personal name Nawrocki, Michael A.
9 (RLIN) 709772
245 10 - TITLE STATEMENT
Title A portable device for measuring wastewater flow sewers /
Statement of responsibility, etc. by Michael A. Nawrocki
260 ## - PUBLICATION, DISTRIBUTION, ETC.
Place of publication, distribution, etc. Washington, D.C. :
Name of publisher, distributor, etc. U.S. Environmental Protection Agency,
Date of publication, distribution, etc. 1974
300 ## - PHYSICAL DESCRIPTION
Extent vii, 53 p.
Other physical details ill. ;
Dimensions 28 cm.
440 10 - SERIES STATEMENT/ADDED ENTRY--TITLE
Title Environmental protection technology series
650 #0 - SUBJECT ADDED ENTRY--TOPICAL TERM
Topical term or geographic name entry element Diesel motor
9 (RLIN) 709773
650 #0 - SUBJECT ADDED ENTRY--TOPICAL TERM
Topical term or geographic name entry element Electric generators
9 (RLIN) 709774
887 ## - NON-MARC INFORMATION FIELD
Content of non-MARC field
901 ## - LOCAL DATA ELEMENT A, LDA (RLIN)
a AD 53909
b 03.07.1975
902 ## - LOCAL DATA ELEMENT B, LDB (RLIN)
a U.S 621.313 Na 23
949 ## - LOCAL PROCESSING INFORMATION (OCLC)
-- VIRTUAITEM
-- 10000
-- 100
6 ADX000053909ENG
942 ## - ADDED ENTRY ELEMENTS (KOHA)
Source of classification or shelving scheme Dewey Decimal Classification
Koha item type Books
Holdings
Withdrawn status Lost status Damaged status Not for loan Collection code Home library Current library Shelving location Date acquired Total Checkouts Full call number Barcode Date last seen Price effective from Koha item type
          National Library of India National Library of India       U.S 621.313 Na 23 ADX000053909ENG 27/06/2021 27/06/2021 Books
                                                                           
web counter

Copyright ©2020 The National Library of India, Govt. of India ↔ Hosted by NVLI, MOC ↔ Technology and Design by National Library of India, Ministry of Culture, Govt. of India